Εισαγωγικό λεξικό πολιτικών όρων και φιλοσοφίας
Saved in:
| Main Author: | |
|---|---|
| Format: | Book |
| Language: | Greek |
| Published: |
Αθήνα :
Πολιτικά Θέματα; Ιρις,
1989
|
| Subjects: | |
| Tags: |
Add Tag
No Tags, Be the first to tag this record!
|
MARC
| LEADER | 00000nam a2200000 i 4500 | ||
|---|---|---|---|
| 001 | 1/92639 | ||
| 008 | 940228s gre d | ||
| 035 | |l 10008543 | ||
| 040 | |a GR-MY-UA |b gre |e aacr | ||
| 041 | 0 | |a gre | |
| 082 | 0 | |a 103 | |
| 100 | 1 | |a Μακρής, Νίκος Αλ., |d 1947- | |
| 245 | 1 | 0 | |a Εισαγωγικό λεξικό πολιτικών όρων και φιλοσοφίας / |c Νίκου Μακρή |
| 260 | |a Αθήνα : |b Πολιτικά Θέματα; Ιρις, |c 1989 | ||
| 300 | |a 481 σ. |b εικ. | ||
| 500 | |a Περιέχει ευρετήριο | ||
| 650 | 0 | 0 | |a Encyclopedias and dictionaries. |
| 650 | 0 | 0 | |a Philosophy |v Dictionaries. |
| 650 | 0 | 0 | |a Political science |x Dictionaries. |
| 852 | |a INST |b LESVOS |e 19940228 |h 103 ΜΑΚ |p 005100022979 |q 005100022979 |t REF |y 23 | ||
| 909 | |a Λ |b 033064 | ||